000 00565nam a22001937a 4500
003 OSt
005 20140310182313.0
008 130313t xxu||||| |||| 00| 0 eng d
020 _a2894295863
050 _aPZ 7
_b.M4784548 1994
082 _aGS 823
_bD36r 1994
100 _aDefoe, Daniel
245 _aRobinson Crusoe /
_cretold from Daniel Defoe original by Deanna McFadden ; illustrated by Jamel Akib.
260 _aKuala Lumpur :
_bSynergy Media,
_cc1991.
300 _a47 p. :
_bill. ;
_c20 cm.
942 _2lcc
_cBK-GS
999 _c11709
_d11709